Gua̕ de prevencin̤ del delito seguridad, diseǫ urbano, participacin̤ ciudadana y accin̤ policial

Detalles Bibliográficos
Autor principal: San Juan Guillen, Cšar
Otros Autores: Vozmediano Sanz, Laura
Formato: eBook
Lenguaje:español
Publicado: Barcelona: J.M. Bosch Editor, 2021
Materias:
Acceso en línea:Acceso restringido

MARC

LEADER 00000nam a22000007a 4500
005 20220510212342.0
007 cr|||| ||||
008 220510s2021 es |||||s|||| 00||0 spa d
020 |a 978-84-123305-1-9 
035 |a 35633 
040 |a vLex 
090 |c 13313  |d 13313 
100 1 |a San Juan Guillen, Cšar 
245 1 0 |a Gua̕ de prevencin̤ del delito seguridad, diseǫ urbano, participacin̤ ciudadana y accin̤ policial  |h [Recurso electrn̤ico] /  |c Cšar San Juan Guillen, Laura Vozmediano Sanz 
256 |a Servicio en ln̕ea 
260 |a Barcelona:  |b J.M. Bosch Editor,  |c 2021 
300 |a 1 recurso electrn̤ico 
500 |a La convivencia en sociedades multiculturales complejas se ha convertido en uno de los retos ms̀ trascendentes en las ciudades de este incipiente siglo XXI. Para conseguir este objetivo es condicin̤ indispensable que exista un razonable clima de seguridad y libertad, adems̀ de reducir, en la medida de lo posible, uno de los fenm̤enos que de forma ms̀ notable contribuyen al deterioro de la convivencia: el miedo. En esta Gua̕ de Prevencin̤ del Delito –de gran interš para todos los profesionales de la seguridad: criminl̤ogos/as, polica̕s y tčnicos con responsabilidades en materia de seguridad local–, se presenta un estructurado y exhaustivo compendio de acciones y estrategias de diagns̤tico e intervencin̤ orientadas al fomento de la seguridad, entendida šta, no solo como la reduccin̤, o incluso ausencia, de actividad delictiva, sino como un proceso de mejora continua de la calidad de vida de la ciudadana̕. En dicho proceso, la participacin̤ social y el desarrollo de nuevos modelos de accin̤ policial se presentan como dos elementos irrenunciables para el x̌ito en la prevencin̤ del delito 
506 1 |a Disponible solo en los productos indicados  |d vLex Global  |d vLex Global (Academic Edition, excluding Law Schools)  |d vLex Global (U.S. Academic Edition, Law Schools)  |d vLex Global (U.S. Academic Edition, excluding Law Schools)  |d vLex Global (Academic Edition, Law Schools) 
650 0 4 |a Derecho Penal  |z Espaą 
700 1 |a Vozmediano Sanz, Laura 
740 0 |a vLex Libros (Servicio en ln̕ea) 
856 4 0 |u https://app.vlex.com/#/sources/35633  |z Acceso restringido 
942 |c BOOK 
999 0 |a Criminal law